[Event "GER-chT U12"]
[Site "Magdeburg"]
[Date "2017.12.29"]
[Round "5.1"]
[White "Pikalow, Michael"]
[Black "Wiedersich, Hendryk"]
[Result "1-0"]
[WhiteElo "1539"]
[BlackElo "1447"]
[PlyCount "117"]
[EventDate "2017.12.26"]
[EventType "team-swiss"]
[EventRounds "7"]
[EventCountry "GER"]
[SourceTitle "CBM 182 Extra"]
[Source "ChessBase"]
[SourceDate "2018.02.23"]
[SourceVersion "1"]
[SourceVersionDate "2018.02.23"]
[SourceQuality "1"]
[WhiteTeam "Magdeburg USC"]
[BlackTeam "Dresden Leuben"]
[WhiteTeamCountry "GER"]
[BlackTeamCountry "GER"]

1. e4 e6 2. d4 d5 3. Nc3 Bb4 4. exd5 exd5 5. Bd3 Nf6 6. Qe2+ Be6 7. Nf3 0-0 8. Bd2 c6 9. Na4 Qa5 10. Nc5 Qb6 11. Bxb4 Qxb4+ 12. c3 Qb6 13. Nxe6 Re8 14. 0-0 Rxe6 15. Qc2 Nbd7 16. Ng5 Rd6 17. Nxh7 Nxh7 18. Bxh7+ Kh8 19. Bd3 Qc7 20. Rae1 Rh6 21. h3 Nf6 22. Qe2 g6 23. Qe5 Qxe5 24. dxe5 Ne8 25. e6 f5 26. c4 d4 27. c5 b5 28. Bc2 a5 29. a4 b4 30. Rd1 Rd8 31. Rd3 Rh7 32. Rfd1 Re7 33. Rxd4 Rxd4 34. Rxd4 Rxe6 35. Kf1 Kg7 36. Bb3 Re5 37. Rd7+ Kf6 38. f4 Re7 39. Rxe7 Kxe7 40. Ke2 Nf6 41. Ke3 Ne4 42. Kd4 Kf6 43. Bc2 Ng3 44. Bd1 Nh5 45. Bf3 Nxf4 46. Bxc6 Ke6 47. Kc4 g5 48. Kb5 Nd3 49. Kxa5 b3 50. Bb5 Nxb2 51. Kb4 Nd1 52. Kxb3 Ne3 53. Bc6 f4 54. a5 Nf5 55. Kc4 Ne7 56. Bf3 Kf6 57. Bb7 Ng6 58. a6 Ne5+ 59. Kd4 1-0

[Event "GER-chT U12"]
[Site "Magdeburg"]
[Date "2017.12.27"]
[Round "1.1"]
[White "Zeuner, Ole"]
[Black "Wiedersich, Hendryk"]
[Result "1/2-1/2"]
[WhiteElo "1859"]
[BlackElo "1447"]
[PlyCount "45"]
[EventDate "2017.12.26"]
[EventType "team-swiss"]
[EventRounds "7"]
[EventCountry "GER"]
[SourceTitle "CBM 182 Extra"]
[Source "ChessBase"]
[SourceDate "2018.02.23"]
[SourceVersion "1"]
[SourceVersionDate "2018.02.23"]
[SourceQuality "1"]
[WhiteTeam "Magdeburg Schachzwerge"]
[BlackTeam "Dresden Leuben"]
[WhiteTeamCountry "GER"]
[BlackTeamCountry "GER"]

1. e4 e6 2. d4 d5 3. Nd2 Nf6 4. e5 Nfd7 5. Bd3 c5 6. c3 Qb6 7. Ne2 Nc6 8. Nf3 Be7 9. 0-0 f6 10. exf6 Nxf6 11. Re1 0-0 12. Nf4 Na5 13. Ng5 cxd4 14. cxd4 Bb4 15. Qc2 g6 16. Bxg6 Bxe1 17. Bxh7+ Kh8 18. Qg6 Qxd4 19. Be3 Bxf2+ 20. Bxf2 Qxf4 21. Bc5 Ng4 22. Bxf8 Qe3+ 23. Kh1 1/2-1/2

[Event "GER-chT U10"]
[Site "Magdeburg"]
[Date "2016.12.27"]
[Round "2.1"]
[White "Korek, Jakob Alexander"]
[Black "Wiedersich, Hendryk"]
[Result "0-1"]
[WhiteElo "1193"]
[BlackElo "1374"]
[PlyCount "39"]
[EventDate "2016.12.27"]
[EventType "team-swiss"]
[EventRounds "7"]
[EventCountry "GER"]
[SourceTitle "EXT 2018"]
[Source "ChessBase"]
[SourceDate "2017.10.13"]
[SourceVersion "1"]
[SourceVersionDate "2017.10.13"]
[SourceQuality "1"]
[WhiteTeam "Berlin Schachpinguine"]
[BlackTeam "Dresden Leuben"]
[WhiteTeamCountry "GER"]
[BlackTeamCountry "GER"]

1. e4 e6 2. d4 d5 3. e5 c5 4. c3 Nc6 5. Be3 Qb6 6. Qd2 cxd4 7. Bxd4 Bc5 8. Nf3 Bxd4 9. cxd4 Bd7 10. Nc3 Rc8 11. Nb5 Nxe5 12. dxe5 Bxb5 13. Bxb5+ Qxb5 14. Rc1 Rc6 15. Nd4 Rxc1+ 16. Qxc1 Qb4+ 17. Qd2 Ne7 18. Nb5 0-0 19. Nd6 Rd8 20. Ke2 0-1